00405 a2200169 4500260001500000100001400015260002600029300001100055245007200066650002300138650001100161650001200172300001700184260000900201130000700210020001800217 aWageningen aDEVIR, S. bLandbouw Universiteit a170 p. aThe dairy control and management system in the robotic milking farm aContrò‚le laitier aTraite aGestion bill. 24 cm. c1995 lEn a90-5484-441-3